Los tigres son más hermosos / (Record no. 127324)

MARC details
000 -LEADER
campo de control de longitud fija 00647nam a2200217 4500
001 - NÚMERO DE CONTROL
campo de control 127324
003 - IDENTIFICADOR DE NÚMERO DE CONTROL
campo de control ES-MaACL
005 - FECHA Y HORA DE LA ÚLTIMA TRANSACCIÓN
campo de control 20230906193007.0
007 - CAMPO FIJO DE DESCRIPCIÓN FÍSICA--INFORMACIÓN GENERAL
campo de control de longitud fija t|
008 - DATOS DE LONGITUD FIJA--INFORMACIÓN GENERAL
campo de control de longitud fija 070214s1983 sp r ||||1| spa d
020 ## - NÚMERO INTERNACIONAL ESTÁNDAR DEL LIBRO
Número Internacional Estándar del Libro 84-339-3029-X
100 1# - ENTRADA PRINCIPAL--NOMBRE DE PERSONA
Nombre de persona Rhys, Jean.
9 (RLIN) 96666
245 14 - MENCIÓN DEL TÍTULO
Título Los tigres son más hermosos /
Mención de responsabilidad, etc. Jean Rhys ; traducción de Enrique Hegewicz.
260 ## - PUBLICACIÓN, DISTRIBUCIÓN, ETC.
Lugar de publicación, distribución, etc. Barcelona :
Nombre del editor, distribuidor, etc. Anagrama,
Fecha de publicación, distribución, etc. 1983.
300 ## - DESCRIPCIÓN FÍSICA
Extensión 141 p. ;
Dimensiones 20 cm.
490 1# - MENCIÓN DE SERIE
Mención de serie Panorama de narrativas ;
Designación de volumen o secuencia 29
700 1# - ENTRADA AGREGADA--NOMBRE PERSONAL
Nombre de persona Hegewicz, Enrique.
9 (RLIN) 62322
830 00 - PUNTO DE ACCESO ADICIONAL DE SERIE-TÍTULO UNIFORME
Título uniforme Panorama de narrativas
Designación de volumen o secuencia 29
9 (RLIN) 123642
852 ## - LOCALIZACIÓN
Ubicación ES-MaACL
Número de control de estantería L-10700
Sublocalización o colección R.112664
Holdings
Estatus retirado Estado de pérdida Estado de daño No para préstamo Biblioteca de origen Biblioteca actual Ubicación en estantería Fecha de adquisición Fuente de adquisición Total de préstamos Signatura topográfica completa Código de barras Visto por última vez Precio de reemplazo Tipo de ítem Koha
        Biblioteca del Ateneo de Madrid Biblioteca del Ateneo de Madrid Depósito 2 17/01/2008     L-10700 1132616 23/02/2023 23/02/2023 Libro impreso